000
00267nam a2200121 a 4500
008
101026s1960|||| d
100
1
_a
Mann, Thomas
245
1
0
_a
Pán a pes
260
_b
SVKL
_a
Bratislava
_c
1960
020
_c
4,05
041
_a
slo
044
_a
xo
_c
SK
999
_c
12291
_d
12291